000 03775cam a22012734i 4500
003 PE-LiUPU
005 20250813185357.0
008 150623s1997 pe a r 000 0 spa d
035 _a(Sirsi) a21517
040 _aPE-LiUPU
_bspa
_cPE-LiUPU
_erda
082 0 4 _a355.4
_bS33
_221
245 0 0 _aDefensa nacional :
_bmanual básico para el sistema educativo peruano.
264 1 _aLima :
_bSecretaría de Defensa Nacional,
_c1997.
300 _a156 páginas :
_bilustraciones ;
_c20 cm.
336 _atext
_2rdacontent
337 _aunmediated
_2rdamedia
338 _avolume
_2rdacarrier
504 _aIncluye referencias bibliográficas.
505 0 _aLa seguridad y el desarrollo humano. -Roles sociales, la seguridad y defensa nacional. -La realidad nacional y el sistema de defensa nacional. -Rol de la educación en la construcción de la identidad nacional.
526 _aP202
526 _aP201
526 _aP163
526 _aP162
526 _aP161
526 _aP160
526 _aP148
526 _aP147
526 _aP146
526 _aP145
526 _aP144
526 _aP143
526 _aP142
526 _aP141
526 _aP140
526 _aP139
526 _aP138
526 _aP137
526 _aP136
526 _aP135
526 _aP134
526 _aP133
526 _aP129
526 _aP128
526 _aP127
526 _aP120
526 _aP119
526 _aP118
526 _aP116
526 _aP115
526 _aP114
526 _aP110
526 _aP109
526 _aP108
526 _aP104
526 _aP103
526 _aP102
526 _aP99
526 _aP98
526 _aP97
526 _aP96
526 _aP95
526 _aP93
526 _aP90
526 _aP89
526 _aP88
526 _aP83
526 _aP82
526 _aP62
526 _aP59
526 _aP58
526 _aP57
526 _aP51
526 _aP49
526 _aP48
526 _aP47
526 _aP29
526 _aP24
526 _aP20
526 _aP19
526 _aP17
526 _aP15
526 _aP14
526 _aP12
526 _aP10
526 _aP09
526 _aP08
526 _aP07
526 _aP06
526 _aP05
526 _aP04
526 _aP01
650 0 4 _aDefensa nacional
_zPerú.
650 0 4 _aSeguridad nacional
_zPerú.
650 0 4 _aDefensa (Derecho constitucional)
_zPerú.
910 _cigq
942 _2ddc
_cBOOK
949 _a355.4 S33
_wDEWEY
_c1
_i45103
_lCCODEBUL1
_mBUL
_p00.00
_r0
_sY
_tBOOK
_u2015-06-24
_xBIBLIOTECA
_zUNKNOWN
_0COMPRA
_o.STAFF. Colección General
949 _a355.4 S33
_wDEWEY
_c2
_i45104
_lCCODEBUL1
_mBUL
_p00.00
_r0
_sY
_tBOOK
_u2015-06-24
_xBIBLIOTECA
_zUNKNOWN
_0COMPRA
_o.STAFF. Colección General
949 _a355.4 S33
_wDEWEY
_c3
_i45105
_lCCODEBUL1
_mBUL
_p00.00
_r0
_sY
_tBOOK
_u2015-06-24
_xBIBLIOTECA
_zUNKNOWN
_0COMPRA
_o.STAFF. Colección General
596 _a1 2
999 _a355.4 S33
_wDEWEY
_c21988
_i45103
_d21988
_f2021-11-5
_g5
_lCCODEBUL1
_mBUL
_q1
_r0
_sY
_tBOOK
_u2015-6-24
_xBIBLIOTECA
_zUNKNOWN
_0COMPRA
_o.STAFF. Colección General
999 _a355.4 S33
_wDEWEY
_c2
_i45104
_f2021-11-5
_g5
_lCCODEBUL1
_mBUL
_r0
_sY
_tBOOK
_u2015-6-24
_xBIBLIOTECA
_zUNKNOWN
_0COMPRA
_o.STAFF. Colección General
999 _a355.4 S33
_wDEWEY
_c3
_i45105
_f2019-2-27
_g3
_lLOST
_mBUL
_r0
_sY
_tBOOK
_u2015-6-24
_xEDUCACION
_zUNKNOWN
_0COMPRA
_o.STAFF. Colección General
999 _a355.4 S33 1997
_wDEWEY
_c1
_iFT00351
_f2019-2-20
_g1
_lCCODEBUT1
_mBUT
_r0
_sY
_tBOOK
_u2016-1-25
_xBIBLIOTECA
_zUNKNOWN
_0DONACION
_o.STAFF. Colección General
980 _81
_gALBERTO SANCHEZ Responsable de Automatización